000 00828nam a2200205Ia 4500
003 GCL
008 140319s9999 xx 000 0 ara d
040 _aGCL /
_cGCL
082 0 4 _a346.0482
_bع ج
100 1 _aعبدالحميد الشواربى
_vPurified
_@
…هذب
245 1 0 _aجرائم الصحافة والنشر: وقانون حماية حق المؤلف و الرقابة على المصنفات الفنية فى ضوء القضاء والفقة /
_cعبدالحميد الشواربى
260 _a[S.N] :
_bمنشاة المعارف الاسلامية ،
_c1993
300 _a311 ص
490 _aالكتب القانونية
_v0
650 0 4 _aالقانون
650 0 4 _aالفقه
650 0 4 _aالحقوق العينية
650 0 4 _aحقوق التأليف والنشر
942 _2ddc
_cBK
999 _c35323
_d35323